000 00609cab a2200205 4500
001 ABS42431
008 090401t1990 xxu||||| |||| 00| 0 eng d
035 _a(Sirsi) u36754
041 _aeng
100 _aGammans, J.
245 _aProperty rationalisation - a local authority initiative
260 _c1990
350 _a0
490 _aProperty Management
_v8(1) 1990, 23-27(5)
520 _aInvestigates the role of property management in local authorities taking Northamptonshire as an example.
650 _aDAVENTRY
690 _aPROPERTY LAW AND PRACTICE
942 _n0
948 _c04/03/1997
999 _c23788
_d23788